000 00718cam a22001691 4500
082 _a004
_bENG
_cL-10 ;P-27
110 2 _aEngineering Research Associates.
_936480
245 1 0 _aHigh-speed computing devices.
_cSupervised by C. B. Tompkins and C. H. Wakelin. Edited by W. W. Stifler, Jr.
250 _a1st ed.
260 _aNew York,
_bMcGraw-Hill
_c1950.
300 _axiii, 451 p.
_bdiagrs.
_c24 cm.
500 _a"Contents of this volume were first assembled in the form of a report to the Office of Naval Research, prepared under a provision of contract N6-ONR-240, Task 1."
526 _a0
_b0
_c0
_d004_000000000000000_ENG
650 0 _aComputers.
700 1 _aTompkins, Charles Brown,
_936481
942 _2ddc
_cBK
999 _c541533
_d541533